La belleza /

Estamos acostumbrados a tener una particular mirada sobre el mundo y, en ocasiones, nuestra forma de pensar nos parece inobjetable. Sin embargo, ¿qué sustenta nuestras ideas? ¿Hay una sola forma de pensar la realidad o el estado de las cosas? Con el discurso filosófico como aliado, Darío Sztajnszraj...

Descripción completa

Guardado en:
Autor Principal: Sztajnszrajber, Darío
Autores Corporativos: Canal Encuentro., Mulata films.
Formato: Deslizar
Publicado: Argentina : Canal Encuentro, 2011.
Materias:
Etiquetas: Agregar Etiqueta
Sin Etiquetas, Sea el primero en etiquetar este registro!
LEADER 01674ngm a22002775g 4500
001 CEM.cems023315
008 130507s2011##################0###0#####d
005 20250305161432.0
245 1 0 |a La belleza /  |c Darío Sztajnszrajber. 
260 |a Argentina :  |b Canal Encuentro,  |c 2011. 
500 |a Consultar en ventanilla. 
520 |a Estamos acostumbrados a tener una particular mirada sobre el mundo y, en ocasiones, nuestra forma de pensar nos parece inobjetable. Sin embargo, ¿qué sustenta nuestras ideas? ¿Hay una sola forma de pensar la realidad o el estado de las cosas? Con el discurso filosófico como aliado, Darío Sztajnszrajber desarrolla, problematiza y pone en tensión diferentes supuestos sobre la historia, la belleza, el amor, la felicidad, la identidad y otros temas. Mentira la verdad, un programa hecho para jóvenes, pero para consumir a toda edad; una propuesta para reflexionar sobre lo que respalda nuestros juicios de valor, pero también para pensar las razones que, a lo largo de los años, han hecho visibles algunos hechos sobre otros y han sustentado las historias que nos cuentan sobre un país, una región, una sociedad. 
538 |a Soporte: DVD - Color: Si - Grabación DRD. 
590 |a Identificación anterior registrada en SIABUC: D116A. 
100 1 |a Sztajnszrajber, Darío 
710 2 |a Canal Encuentro. 
710 2 |a Mulata films. 
082 1 0 |/ SZT-1 
653 |a FILOSOFIA 
653 |a BELLEZA 
653 |a ESTEREOTIPOS 
653 |a SOCIEDAD 
653 |a DISCRIMINACION 
653 |a MENTIRA LA VERDAD 
653 |a SERIE DE TELEVISIÓN 
859 |a CEMS  |b BIB. CEMS - Depto. Recursos Didacticos  |h 100  |i SZT-1  |k DRD  |p 1958.15  |t Ej.1